<?xml version="1.0" encoding="UTF-8"?>
<record
    xmlns:xsi="http://www.w3.org/2001/XMLSchema-instance"
    xsi:schemaLocation="http://www.loc.gov/MARC21/slim http://www.loc.gov/standards/marcxml/schema/MARC21slim.xsd"
    xmlns="http://www.loc.gov/MARC21/slim">

  <leader>00463nam a22001817a 4500</leader>
  <controlfield tag="005">20230727121604.0</controlfield>
  <controlfield tag="008">230727b        |||||||| |||| 00| 0 eng d</controlfield>
  <datafield tag="020" ind1=" " ind2=" ">
    <subfield code="a">978-81-931981-0-0</subfield>
  </datafield>
  <datafield tag="041" ind1=" " ind2=" ">
    <subfield code="a">eng</subfield>
  </datafield>
  <datafield tag="082" ind1=" " ind2=" ">
    <subfield code="a">345.400 5</subfield>
  </datafield>
  <datafield tag="100" ind1=" " ind2=" ">
    <subfield code="a">DHAL, DEBI PRASAD</subfield>
    <subfield code="9">7888</subfield>
  </datafield>
  <datafield tag="245" ind1=" " ind2=" ">
    <subfield code="a">INDIAN BAR REVIEW , VOL-48[1&amp;2] 2021</subfield>
  </datafield>
  <datafield tag="250" ind1=" " ind2=" ">
    <subfield code="a">VOL-48[1&amp;2]</subfield>
  </datafield>
  <datafield tag="260" ind1=" " ind2=" ">
    <subfield code="a">NEW DELHI</subfield>
    <subfield code="b">BAR COUNCIL OF INDIA TRUST</subfield>
    <subfield code="c">2021</subfield>
  </datafield>
  <datafield tag="300" ind1=" " ind2=" ">
    <subfield code="a">482;P</subfield>
  </datafield>
  <datafield tag="650" ind1=" " ind2=" ">
    <subfield code="a">LAW</subfield>
    <subfield code="9">7889</subfield>
  </datafield>
  <datafield tag="942" ind1=" " ind2=" ">
    <subfield code="c">BK</subfield>
  </datafield>
  <datafield tag="999" ind1=" " ind2=" ">
    <subfield code="c">8346</subfield>
    <subfield code="d">8344</subfield>
  </datafield>
  <datafield tag="952" ind1=" " ind2=" ">
    <subfield code="0">0</subfield>
    <subfield code="1">0</subfield>
    <subfield code="4">0</subfield>
    <subfield code="7">0</subfield>
    <subfield code="8">LAW</subfield>
    <subfield code="a">JRU</subfield>
    <subfield code="b">JRU</subfield>
    <subfield code="c">SHELF-33-F</subfield>
    <subfield code="d">2023-07-27</subfield>
    <subfield code="e">PURCHASE</subfield>
    <subfield code="g">16200.00</subfield>
    <subfield code="l">0</subfield>
    <subfield code="o">345.400 5</subfield>
    <subfield code="p">27753</subfield>
    <subfield code="r">2023-07-27 00:00:00</subfield>
    <subfield code="w">2023-07-27</subfield>
    <subfield code="y">BK</subfield>
  </datafield>
  <datafield tag="952" ind1=" " ind2=" ">
    <subfield code="0">0</subfield>
    <subfield code="1">0</subfield>
    <subfield code="4">0</subfield>
    <subfield code="7">0</subfield>
    <subfield code="8">LAW</subfield>
    <subfield code="a">JRU</subfield>
    <subfield code="b">JRU</subfield>
    <subfield code="c">SHELF-33-F</subfield>
    <subfield code="d">2023-07-27</subfield>
    <subfield code="e">PURCHASE</subfield>
    <subfield code="g">16200.00</subfield>
    <subfield code="l">0</subfield>
    <subfield code="o">345.400 5</subfield>
    <subfield code="p">27754</subfield>
    <subfield code="r">2023-07-27 00:00:00</subfield>
    <subfield code="w">2023-07-27</subfield>
    <subfield code="y">BK</subfield>
  </datafield>
  <datafield tag="952" ind1=" " ind2=" ">
    <subfield code="0">0</subfield>
    <subfield code="1">0</subfield>
    <subfield code="4">0</subfield>
    <subfield code="7">0</subfield>
    <subfield code="8">LAW</subfield>
    <subfield code="a">JRU</subfield>
    <subfield code="b">JRU</subfield>
    <subfield code="c">SHELF-33-F</subfield>
    <subfield code="d">2023-07-27</subfield>
    <subfield code="e">PURCHASE</subfield>
    <subfield code="g">16200.00</subfield>
    <subfield code="l">0</subfield>
    <subfield code="o">345.400 5</subfield>
    <subfield code="p">27755</subfield>
    <subfield code="r">2023-07-27 00:00:00</subfield>
    <subfield code="w">2023-07-27</subfield>
    <subfield code="y">BK</subfield>
  </datafield>
  <datafield tag="952" ind1=" " ind2=" ">
    <subfield code="0">0</subfield>
    <subfield code="1">0</subfield>
    <subfield code="4">0</subfield>
    <subfield code="7">0</subfield>
    <subfield code="8">LAW</subfield>
    <subfield code="a">JRU</subfield>
    <subfield code="b">JRU</subfield>
    <subfield code="c">SHELF-33-F</subfield>
    <subfield code="d">2023-07-27</subfield>
    <subfield code="e">PURCHASE</subfield>
    <subfield code="g">16200.00</subfield>
    <subfield code="l">0</subfield>
    <subfield code="o">345.400 5</subfield>
    <subfield code="p">27756</subfield>
    <subfield code="r">2023-07-27 00:00:00</subfield>
    <subfield code="w">2023-07-27</subfield>
    <subfield code="y">BK</subfield>
  </datafield>
  <datafield tag="952" ind1=" " ind2=" ">
    <subfield code="0">0</subfield>
    <subfield code="1">0</subfield>
    <subfield code="4">0</subfield>
    <subfield code="7">0</subfield>
    <subfield code="8">LAW</subfield>
    <subfield code="a">JRU</subfield>
    <subfield code="b">JRU</subfield>
    <subfield code="c">SHELF-33-F</subfield>
    <subfield code="d">2023-07-27</subfield>
    <subfield code="e">PURCHASE</subfield>
    <subfield code="g">16200.00</subfield>
    <subfield code="l">0</subfield>
    <subfield code="o">345.400 5</subfield>
    <subfield code="p">27757</subfield>
    <subfield code="r">2023-07-27 00:00:00</subfield>
    <subfield code="w">2023-07-27</subfield>
    <subfield code="y">BK</subfield>
  </datafield>
  <datafield tag="952" ind1=" " ind2=" ">
    <subfield code="0">0</subfield>
    <subfield code="1">0</subfield>
    <subfield code="4">0</subfield>
    <subfield code="7">0</subfield>
    <subfield code="8">LAW</subfield>
    <subfield code="a">JRU</subfield>
    <subfield code="b">JRU</subfield>
    <subfield code="c">SHELF-33-F</subfield>
    <subfield code="d">2023-07-27</subfield>
    <subfield code="e">PURCHASE</subfield>
    <subfield code="g">16200.00</subfield>
    <subfield code="l">0</subfield>
    <subfield code="o">345.400 5</subfield>
    <subfield code="p">27758</subfield>
    <subfield code="r">2023-07-27 00:00:00</subfield>
    <subfield code="w">2023-07-27</subfield>
    <subfield code="y">BK</subfield>
  </datafield>
  <datafield tag="952" ind1=" " ind2=" ">
    <subfield code="0">0</subfield>
    <subfield code="1">0</subfield>
    <subfield code="4">0</subfield>
    <subfield code="7">0</subfield>
    <subfield code="8">LAW</subfield>
    <subfield code="a">JRU</subfield>
    <subfield code="b">JRU</subfield>
    <subfield code="c">SHELF-33-F</subfield>
    <subfield code="d">2023-07-27</subfield>
    <subfield code="e">PURCHASE</subfield>
    <subfield code="g">16200.00</subfield>
    <subfield code="l">0</subfield>
    <subfield code="o">345.400 5</subfield>
    <subfield code="p">27759</subfield>
    <subfield code="r">2023-07-27 00:00:00</subfield>
    <subfield code="w">2023-07-27</subfield>
    <subfield code="y">BK</subfield>
  </datafield>
  <datafield tag="952" ind1=" " ind2=" ">
    <subfield code="0">0</subfield>
    <subfield code="1">0</subfield>
    <subfield code="4">0</subfield>
    <subfield code="7">0</subfield>
    <subfield code="8">LAW</subfield>
    <subfield code="a">JRU</subfield>
    <subfield code="b">JRU</subfield>
    <subfield code="c">SHELF-33-F</subfield>
    <subfield code="d">2023-07-27</subfield>
    <subfield code="e">PURCHASE</subfield>
    <subfield code="g">16200.00</subfield>
    <subfield code="l">0</subfield>
    <subfield code="o">345.400 5</subfield>
    <subfield code="p">27760</subfield>
    <subfield code="r">2023-07-27 00:00:00</subfield>
    <subfield code="w">2023-07-27</subfield>
    <subfield code="y">BK</subfield>
  </datafield>
  <datafield tag="952" ind1=" " ind2=" ">
    <subfield code="0">0</subfield>
    <subfield code="1">0</subfield>
    <subfield code="4">0</subfield>
    <subfield code="7">0</subfield>
    <subfield code="8">LAW</subfield>
    <subfield code="a">JRU</subfield>
    <subfield code="b">JRU</subfield>
    <subfield code="c">SHELF-33-F</subfield>
    <subfield code="d">2023-07-27</subfield>
    <subfield code="e">PURCHASE</subfield>
    <subfield code="g">16200.00</subfield>
    <subfield code="l">0</subfield>
    <subfield code="o">345.400 5</subfield>
    <subfield code="p">27761</subfield>
    <subfield code="r">2023-07-27 00:00:00</subfield>
    <subfield code="w">2023-07-27</subfield>
    <subfield code="y">BK</subfield>
  </datafield>
  <datafield tag="952" ind1=" " ind2=" ">
    <subfield code="0">0</subfield>
    <subfield code="1">0</subfield>
    <subfield code="4">0</subfield>
    <subfield code="7">0</subfield>
    <subfield code="8">LAW</subfield>
    <subfield code="a">JRU</subfield>
    <subfield code="b">JRU</subfield>
    <subfield code="c">SHELF-33-F</subfield>
    <subfield code="d">2023-07-27</subfield>
    <subfield code="e">PURCHASE</subfield>
    <subfield code="g">16200.00</subfield>
    <subfield code="l">0</subfield>
    <subfield code="o">345.400 5</subfield>
    <subfield code="p">27762</subfield>
    <subfield code="r">2023-07-27 00:00:00</subfield>
    <subfield code="w">2023-07-27</subfield>
    <subfield code="y">BK</subfield>
  </datafield>
</record>
